000
00298nam a22001217a 4500
040
_c
HS
082
_a
657
100
_a
អេង លេង
245
_a
គណនេយ្យកសិកម្ម agricultural accounting
260
_a
RUA
_b
អេង លេង
_c
2011
300
_a
49p;
942
_c
KB
999
_c
9113
_d
9113